000 00333nam a2200145Ia 4500
003 Ost
005 20260225132556.0
008 260225s9999||||xx |||||||||||||| ||und||
040 _cfsic
041 _afre
082 _a440
245 0 _aPlanification de l'enseignement :
245 0 _bproblèmes d'organisation /
942 _cكتاب
999 _c34464
_d34464